[Event "Titled Tue 17th Jun Early"]
[Site "chess.com INT"]
[Date "2025.06.17"]
[Round "10"]
[White "Caku, Kler"]
[Black "Hehir, Michael"]
[Result "0-1"]
[WhiteTitle "WFM"]
[WhiteElo "2010"]
[BlackElo "2009"]
[WhiteFideId "4704703"]
[BlackFideId "2047411"]
[EventDate "2025.06.17"]

1. e4 c5 2. Nf3 g6 3. d4 cxd4 4. Qxd4 Nf6 5. e5 Nc6 6. Qa4 Nd5 7. Qe4 Nc7 8. Bc4
Bg7 9. Bf4 O-O 10. h4 d5 11. exd6 exd6 12. O-O d5 13. Bxc7 dxe4 14. Bxd8 exf3
15. Bg5 Bf5 16. c3 fxg2 17. Kxg2 Rac8 18. Na3 a6 19. Rad1 b5 20. Bd5 Ne5 21. Bb7
Rb8 22. Bxa6 b4 23. cxb4 Rxb4 24. f4 Rxb2+ 25. Rf2 Rb6 26. Be2 Ng4 27. Bxg4 Bxg4
28. Rd7 Bxd7 29. Nc4 Bc6+ 30. Kf1 Bb5 31. Rc2 Rc6 0-1

[Event "Titled Tue 17th Jun Early"]
[Site "chess.com INT"]
[Date "2025.06.17"]
[Round "10"]
[White "Nagare Kaivalya Sandip"]
[Black "Villa Tornero, Alex"]
[Result "0-1"]
[WhiteTitle "FM"]
[BlackTitle "FM"]
[WhiteElo "2321"]
[BlackElo "2211"]
[WhiteFideId "25957929"]
[BlackFideId "54501091"]
[EventDate "2025.06.17"]

1. e4 Nf6 2. e5 Nd5 3. d4 d6 4. c4 Nb6 5. f4 dxe5 6. fxe5 Nc6 7. Nf3 Bg4 8. Be3
e6 9. Nc3 Bxf3 10. gxf3 Be7 11. Qd2 Bh4+ 12. Kd1 Qe7 13. c5 Nd7 14. Bb5 Ndxe5
15. Kc2 O-O-O 16. Rhf1 a6 17. Be2 Nxd4+ 18. Bxd4 Nc6 19. Rad1 Rxd4 20. Qe3 Qxc5
21. Rxd4 Nxd4+ 22. Kb1 Rd8 23. Bd3 Bg5 24. f4 Bf6 25. Ne4 Qd5 26. Nxf6 gxf6 27.
Be4 Nf5 28. Qf3 Qb5 29. Rc1 Nd4 30. Qc3 c6 31. Bd3 Qb6 32. Rd1 f5 33. Bc4 Qc5
34. Qd3 Qd6 35. Qe3 Nc2 36. Rxd6 Nxe3 37. Rxd8+ 0-1

[Event "Titled Tue 17th Jun Early"]
[Site "chess.com INT"]
[Date "2025.06.17"]
[Round "10"]
[White "Yanev, Tihomir"]
[Black "Venkatesh, Narayan"]
[Result "1-0"]
[WhiteTitle "IM"]
[BlackTitle "FM"]
[WhiteElo "2354"]
[BlackElo "2168"]
[WhiteFideId "2910110"]
[BlackFideId "30987881"]
[EventDate "2025.06.17"]

1. d4 d5 2. c4 e6 3. Nf3 Nf6 4. e3 Be7 5. b3 O-O 6. Bd3 b6 7. O-O Bb7 8. Bb2
Nbd7 9. Nbd2 c5 10. cxd5 Nxd5 11. Rc1 Rc8 12. Bb1 cxd4 13. Rxc8 Qxc8 14. Nxd4
Rd8 15. Qg4 N5f6 16. Qg3 Nc5 17. Rc1 Qd7 18. b4 Bd6 19. Qh4 Na4 20. Ba3 b5 21.
N2b3 a6 22. Nc5 Bxc5 23. bxc5 e5 24. c6 Bxc6 25. Rxc6 Qxc6 26. Bxh7+ Kh8 27.
Be4+ Kg8 28. Bxc6 exd4 29. exd4 Rc8 30. d5 Nb6 31. Qd4 Nc4 32. Be7 Ne8 33. Bxe8
Rxe8 34. d6 Nxd6 35. Qxd6 Rc8 36. h4 a5 37. Qd7 Rc1+ 38. Kh2 b4 39. Qe8+ Kh7 40.
Qxf7 1-0

[Event "Titled Tue 17th Jun Early"]
[Site "chess.com INT"]
[Date "2025.06.17"]
[Round "10"]
[White "Ersoz, Teoman Guney"]
[Black "Bolashakov, Nurali"]
[Result "1/2-1/2"]
[WhiteTitle "CM"]
[BlackTitle "CM"]
[WhiteElo "2052"]
[BlackElo "2242"]
[WhiteFideId "44537050"]
[BlackFideId "13792105"]
[EventDate "2025.06.17"]

1. d4 Nf6 2. Nc3 d5 3. Bg5 a6 4. Bxf6 exf6 5. e4 dxe4 6. Nxe4 Be7 7. Nf3 O-O 8.
Bd3 Re8 9. O-O b6 10. Re1 Bb7 11. c3 Nd7 12. Ng3 g6 13. Qd2 Bf8 14. Qf4 c5 15.
Rxe8 Qxe8 16. Re1 Qd8 17. h4 cxd4 18. cxd4 Bb4 19. Re2 Nf8 20. h5 Ne6 21. Qh6
Bf8 22. Qe3 Bxf3 23. gxf3 Qxd4 24. hxg6 hxg6 25. Ne4 Qxe3 26. fxe3 f5 27. Nf6+
Kg7 28. Nd7 Nc5 29. Nxc5 Bxc5 30. Kg2 a5 31. e4 f4 32. Rd2 Rd8 33. Rd1 Be3 34.
Bc2 Rxd1 35. Bxd1 Kf6 36. Bb3 Ke7 37. Bd5 f5 38. exf5 gxf5 39. a4 Kd6 40. Bc4
Kc5 41. b3 Kd4 42. Be6 Kc3 43. Kh3 Bf2 44. Kg2 Be3 45. Kf1 Kc2 46. Ke2 Bd4 47.
Bxf5+ Kxb3 48. Kd3 Be3 49. Bd7 Kb4 50. Bb5 Kc5 51. Ke4 Kb4 52. Kd3 Kc5 53. Ke2
Kd4 54. Kf1 Kc3 55. Ke2 Kc2 56. Kf1 Kd2 57. Kg2 Ke1 58. Bc6 Ke2 59. Bb5+ Ke1 60.
Bc6 Ke2 61. Kh3 Kf2 62. Kg4 Kg2 63. Bb5 Kf2 64. Bc6 Ke1 65. Kf5 Kd2 66. Ke4 Kc3
67. Bb5 Kb4 68. Kd5 Kc3 69. Kc6 Kd2 70. Kb7 Ke1 71. Bc6 Kd2 72. Ka6 Kc3 73. Kb5
Kb3 1/2-1/2

[Event "Titled Tue 17th Jun Early"]
[Site "chess.com INT"]
[Date "2025.06.17"]
[Round "10"]
[White "Shukhman, Anna"]
[Black "Ristic, Nebojsa M"]
[Result "1-0"]
[WhiteTitle "WGM"]
[BlackTitle "IM"]
[WhiteElo "2413"]
[BlackElo "2248"]
[WhiteFideId "54180058"]
[BlackFideId "900850"]
[EventDate "2025.06.17"]

1. e4 e6 2. d4 d5 3. Nc3 Bb4 4. e5 c5 5. a3 Bxc3+ 6. bxc3 Ne7 7. h4 Nbc6 8. h5
h6 9. Qg4 Nf5 10. Nf3 Qa5 11. Bd2 cxd4 12. cxd4 Qa4 13. Bd3 Bd7 14. Bxf5 exf5
15. Qxg7 O-O-O 16. c3 Be6 17. O-O Na5 18. Bxh6 Rdg8 19. Qf6 Qc2 20. Ng5 Kb8 21.
Nxf7 Bxf7 22. Qxf7 Qe4 23. f3 Qc2 24. Bg7 Nc4 25. h6 Ne3 26. Rf2 Qxc3 27. Rb1
Qxd4 28. Qxb7# 1-0

[Event "Titled Tue 17th Jun Early"]
[Site "chess.com INT"]
[Date "2025.06.17"]
[Round "10"]
[White "Khazhatuly, Alikhan"]
[Black "Brancaleoni, Maurizio"]
[Result "1-0"]
[WhiteTitle "CM"]
[BlackTitle "FM"]
[WhiteElo "2173"]
[BlackElo "2185"]
[WhiteFideId "13731335"]
[BlackFideId "803022"]
[EventDate "2025.06.17"]

1. e4 c6 2. d4 d5 3. Nd2 dxe4 4. Nxe4 Nf6 5. Nxf6+ exf6 6. c3 Bd6 7. Bd3 O-O 8.
Qc2 Re8+ 9. Ne2 h6 10. O-O Nd7 11. Bd2 Nf8 12. Rae1 g6 13. Bxh6 Be6 14. Nf4 Bxf4
15. Bxf4 Qd5 16. b3 Rad8 17. Re3 Bc8 18. Bc7 Rxe3 19. fxe3 Re8 20. e4 Qe6 21.
Qf2 Nh7 22. Bf4 Qe7 23. Bg3 Ng5 24. e5 f5 25. Bh4 f6 26. exf6 Qe3 27. Qxe3 Rxe3
28. Bxg5 Rxd3 29. Re1 Kf8 30. Re7 Rd1+ 31. Kf2 1-0

[Event "Titled Tue 17th Jun Early"]
[Site "chess.com INT"]
[Date "2025.06.17"]
[Round "10"]
[White "Murthy, Pappu"]
[Black "Hernandez Jimenez, Alexander Andres"]
[Result "0-1"]
[BlackTitle "FM"]
[WhiteElo "1838"]
[BlackElo "2069"]
[WhiteFideId "2013401"]
[BlackFideId "3900452"]
[EventDate "2025.06.17"]

1. e4 c5 2. d4 cxd4 3. c3 dxc3 4. Nxc3 Nc6 5. Nf3 d6 6. Bc4 Nf6 7. e5 dxe5 8.
Qxd8+ Nxd8 9. Nxe5 Be6 10. Bb5+ Nd7 11. Nd5 Rc8 12. Nf4 Nc6 13. Bxc6 bxc6 14.
Nxe6 Nxe5 15. Nf4 e6 16. O-O Bc5 17. h3 O-O 18. Re1 Nc4 19. b3 Na3 20. Re2 Rfd8
21. h4 Rd1+ 22. Kh2 Nb5 23. Bb2 Rcd8 24. Rxd1 Rxd1 25. g3 Nd4 26. Bxd4 Bxd4 27.
Rc2 c5 28. b4 g5 29. hxg5 cxb4 30. Nh5 Kf8 31. f4 Rb1 32. Kh3 Rb2 33. Rc8+ Ke7
34. Rb8 a5 35. Rb7+ Kd6 36. Rxf7 Rxa2 0-1

[Event "Titled Tue 17th Jun Early"]
[Site "chess.com INT"]
[Date "2025.06.17"]
[Round "10"]
[White "Thipsay, Bagyashree Sathe"]
[Black "Winkels, Marcel"]
[Result "0-1"]
[WhiteTitle "WIM"]
[BlackTitle "CM"]
[WhiteElo "2075"]
[BlackElo "1905"]
[WhiteFideId "5001013"]
[BlackFideId "1003887"]
[EventDate "2025.06.17"]

1. e4 d6 2. d4 Nf6 3. Nc3 g6 4. f4 Bg7 5. Nf3 c5 6. dxc5 Qa5 7. Bd3 Qxc5 8. Qe2
O-O 9. Be3 Qh5 10. h3 Bg4 11. O-O Bxf3 12. Rxf3 Nc6 13. a3 Nd7 14. Qf2 Nc5 15.
g4 Nxd3 16. cxd3 Qa5 17. Rc1 Rfe8 18. Kg2 Rac8 19. Nd5 e6 20. Nc3 Qa6 21. Rd1
Na5 22. f5 Nb3 23. fxe6 fxe6 24. h4 Rf8 25. Rxf8+ Rxf8 26. Qg3 Be5 27. Qh3 Nd4
28. g5 Rf3 29. Qg4 Rxe3 0-1

[Event "Titled Tue 17th Jun Early"]
[Site "chess.com INT"]
[Date "2025.06.17"]
[Round "10"]
[White "Garde, Guillaume"]
[Black "Rosenbecker, Daniel"]
[Result "0-1"]
[WhiteTitle "CM"]
[BlackTitle "CM"]
[WhiteElo "2211"]
[BlackElo "2109"]
[WhiteFideId "45138273"]
[BlackFideId "1718959"]
[EventDate "2025.06.17"]

1. d4 Nf6 2. Nf3 b6 3. e3 Bb7 4. Bd3 e6 5. O-O Be7 6. b3 O-O 7. Bb2 c5 8. c4
cxd4 9. Bxd4 Nc6 10. Bc3 d5 11. Nbd2 Nb4 12. Be2 dxc4 13. Nxc4 Qxd1 14. Rfxd1
Rfd8 15. a3 Nbd5 16. Bb2 Rac8 17. Rac1 h6 18. h3 Ne4 19. Nce5 Ndc3 20. Rxd8+
Bxd8 21. Bc4 Rxc4 22. Nxc4 Ne2+ 23. Kf1 Nxc1 24. Bxc1 Bd5 25. Nfd2 b5 26. Nxe4
bxc4 27. Nc3 cxb3 28. Nxd5 exd5 29. Bb2 Bf6 30. Ke2 Bxb2 31. Kd3 Bf6 32. f3 b2
33. Kc2 Kf8 34. a4 Ke7 35. Kb1 Kd6 36. Kc2 Kc5 37. Kb1 Kb4 38. a5 Kxa5 39. e4
dxe4 40. fxe4 Be5 41. g4 Kb5 42. h4 Kc4 43. Kc2 Kc5 44. Kb1 a5 45. Kc2 a4 46.
Kb1 Kb4 47. Ka2 Kc4 48. g5 hxg5 49. hxg5 Kc3 50. Kb1 Kb3 51. g6 a3 52. gxf7 a2# 0-1

[Event "Titled Tue 17th Jun Early"]
[Site "chess.com INT"]
[Date "2025.06.17"]
[Round "10"]
[White "Williams, Simon K"]
[Black "Dragnev, Valentin"]
[Result "0-1"]
[WhiteTitle "GM"]
[BlackTitle "GM"]
[WhiteElo "2444"]
[BlackElo "2547"]
[WhiteFideId "404454"]
[BlackFideId "1634852"]
[EventDate "2025.06.17"]

1. e4 d5 2. exd5 Qxd5 3. Nc3 Qa5 4. Bc4 Nf6 5. d3 c6 6. Bd2 Qc7 7. Qe2 g6 8. Nf3
Bg7 9. O-O-O b5 10. Bb3 a5 11. a4 O-O 12. Ne5 b4 13. Nb1 Na6 14. Bf4 Nh5 15. g3
Nxf4 16. gxf4 Nc5 17. Nd2 Nxb3+ 18. Nxb3 c5 19. Nd2 Bd7 20. b3 Bf5 21. Ndc4 Rad8
22. h4 h5 23. Rhg1 Rd4 24. Qf3 Bh6 25. Rg5 Bxg5 26. hxg5 f6 27. gxf6 exf6 28.
Nc6 Qxf4+ 29. Qxf4 Rxf4 30. N6xa5 h4 31. Nb7 h3 32. a5 h2 33. Rh1 Rxf2 34. Ne3
Re8 35. Nxf5 gxf5 36. a6 Ree2 37. a7 Rxc2+ 38. Kd1 Ra2 0-1

[Event "Titled Tue 17th Jun Early"]
[Site "chess.com INT"]
[Date "2025.06.17"]
[Round "10"]
[White "Mecit, Emre"]
[Black "Krzywda, Andrzej"]
[Result "0-1"]
[BlackTitle "CM"]
[WhiteElo "2007"]
[BlackElo "2175"]
[WhiteFideId "6304214"]
[BlackFideId "1114565"]
[EventDate "2025.06.17"]

1. e4 c5 2. Nf3 e6 3. d4 cxd4 4. c3 dxc3 5. Nxc3 Nc6 6. Bc4 a6 7. O-O Nge7 8.
Qe2 Ng6 9. Rd1 Be7 10. Nd5 exd5 11. exd5 O-O 12. dxc6 bxc6 13. Be3 d5 14. Bd3 a5
15. Rac1 Bd7 16. Nd4 c5 17. Nf5 d4 18. Nxe7+ Qxe7 19. Bd2 Qxe2 20. Bxe2 Rfc8 21.
Bf3 Ra7 22. Be1 Ne5 23. Bd5 a4 24. f4 Ng4 25. b4 Ne3 26. Bf3 Nxd1 27. Rxd1 Be6
28. a3 Bb3 29. Rd3 Bc2 30. Rd2 d3 31. bxc5 Rac7 32. Bf2 Rb8 33. g3 Rb3 34. Kg2
Rxa3 35. c6 Rc3 36. Bb6 R7xc6 37. Bxc6 Rxc6 38. Bd4 a3 39. Kf2 a2 40. Ke3 Ra6
41. Ba1 Rb6 42. Bd4 Rb1 43. Rxd3 Bxd3 0-1

[Event "Titled Tue 17th Jun Early"]
[Site "chess.com INT"]
[Date "2025.06.17"]
[Round "10"]
[White "Alikulov, Elbek"]
[Black "Hungaski, Robert"]
[Result "0-1"]
[WhiteTitle "IM"]
[BlackTitle "GM"]
[WhiteElo "2305"]
[BlackElo "2477"]
[WhiteFideId "14203308"]
[BlackFideId "2021030"]
[EventDate "2025.06.17"]

1. e4 e6 2. d4 d5 3. e5 Ne7 4. c3 b6 5. Nf3 Qd7 6. Bd3 Ba6 7. O-O c5 8. a3 Bxd3
9. Qxd3 c4 10. Qc2 Nec6 11. Nbd2 Na5 12. Ne1 Nbc6 13. f4 f5 14. exf6 gxf6 15. f5
e5 16. dxe5 Bc5+ 17. Kh1 Nxe5 18. Ndf3 Nb3 19. Rb1 O-O-O 20. Nxe5 fxe5 21. Bg5
Rdf8 22. f6 Rhg8 23. Bh6 Rf7 24. Nf3 Rxf6 25. Nxe5 Qe7 26. Rxf6 Qxf6 27. Qxh7
Rd8 28. Bg7 Qe6 29. g4 d4 30. cxd4 Qd5+ 31. Kg1 Bxd4+ 32. Kf1 Qh1+ 33. Ke2 Qg2+
34. Ke1 Qf2+ 0-1

[Event "Titled Tue 17th Jun Early"]
[Site "chess.com INT"]
[Date "2025.06.17"]
[Round "10"]
[White "Nayem, Haque"]
[Black "Zlatin, Alexander"]
[Result "0-1"]
[WhiteTitle "FM"]
[BlackTitle "FM"]
[WhiteElo "2180"]
[BlackElo "2313"]
[WhiteFideId "10217754"]
[BlackFideId "2810549"]
[EventDate "2025.06.17"]

1. e4 e6 2. Qf3 c5 3. h4 Nc6 4. c3 d5 5. exd5 exd5 6. Bb5 Nf6 7. d4 cxd4 8. cxd4
Bb4+ 9. Bd2 O-O 10. Bxc6 Bxd2+ 11. Nxd2 bxc6 12. Ne2 Re8 13. Qd3 a5 14. O-O Ba6
15. Qc3 Bxe2 16. Rfe1 Ng4 17. Qg3 Qb8 18. Qxb8 Raxb8 19. Rac1 Rxb2 20. Nb3 a4
21. Na5 Ra8 22. Nxc6 Rxa2 23. Nb4 Rd2 24. Nxd5 a3 25. Nc3 a2 26. Ra1 Bc4 27. f3
Nf6 28. Rec1 Bb3 29. Nxa2 Rdxa2 30. Rxa2 Bxa2 31. Ra1 Nd5 32. Kf2 f5 33. g3 Kf7
34. h5 Nb4 35. Ke3 Nc2+ 36. Kf4 Nxa1 0-1

[Event "Titled Tue 17th Jun Early"]
[Site "chess.com INT"]
[Date "2025.06.17"]
[Round "10"]
[White "Csonka, Balazs"]
[Black "Sanal, Vahap"]
[Result "0-1"]
[WhiteTitle "IM"]
[BlackTitle "GM"]
[WhiteElo "2467"]
[BlackElo "2564"]
[WhiteFideId "742910"]
[BlackFideId "6300545"]
[EventDate "2025.06.17"]

1. e4 e5 2. Nf3 Nc6 3. Bc4 Bc5 4. c3 Nf6 5. d3 O-O 6. O-O d6 7. Re1 a6 8. a4 Re8
9. h3 h6 10. Nbd2 Be6 11. Bxe6 Rxe6 12. b4 Ba7 13. Qc2 Ne7 14. Nf1 Ng6 15. Be3
Bxe3 16. Nxe3 Nh7 17. g3 c6 18. Kg2 Nf6 19. c4 a5 20. b5 Re8 21. Nf5 Ne7 22.
N3h4 Nxf5 23. Nxf5 Kh7 24. Rab1 g6 25. Ne3 Nd7 26. Nd1 Nc5 27. Nc3 Qd7 28. Rbd1
Ne6 29. Ne2 Ng5 30. Rh1 d5 31. h4 Ne6 32. Qb2 d4 33. Qa3 Rf8 34. h5 g5 35. g4
Nf4+ 36. Kf3 Nxe2 37. Kxe2 Qxg4+ 38. Kd2 Qf4+ 39. Ke2 Rae8 40. Qd6 Kg7 41. Rdg1
Re6 42. Qd7 Rf6 43. Rg2 Qf3+ 0-1

[Event "Titled Tue 17th Jun Early"]
[Site "chess.com INT"]
[Date "2025.06.17"]
[Round "10"]
[White "Shuvalov, Evgenij"]
[Black "Petersen, Marcel"]
[Result "0-1"]
[BlackTitle "CM"]
[WhiteElo "1986"]
[BlackElo "2236"]
[WhiteFideId "4187237"]
[BlackFideId "12935670"]
[EventDate "2025.06.17"]

1. d4 g6 2. c4 Bg7 3. e4 e6 4. Nc3 Ne7 5. Nf3 d5 6. Be3 O-O 7. Bd3 Nbc6 8. O-O
b6 9. Re1 Bb7 10. cxd5 exd5 11. e5 Nb4 12. Bb1 Rc8 13. a3 Na6 14. Qd2 c5 15. Bh6
cxd4 16. Nxd4 Nc5 17. Bxg7 Kxg7 18. Qf4 Nc6 19. Ncb5 Nxd4 20. Nxd4 Ne6 21. Qg4
Nxd4 22. Qxd4 Rc4 23. Qd2 d4 24. Be4 Bxe4 25. Rxe4 Qd5 26. Rae1 d3 27. Rxc4 Qxc4
28. Rc1 Qd4 29. h3 Rd8 30. Rc3 Qxe5 31. Rxd3 Rxd3 32. Qxd3 Qxb2 33. g3 h5 34. h4
a5 35. Kg2 a4 36. Qe3 b5 37. Qd3 Kh7 38. Qd5 Qb3 39. Qb7 Kg7 40. Qe7 Qb2 41. Qc5
b4 42. axb4 a3 43. b5 a2 44. b6 a1=Q 0-1

[Event "Titled Tue 17th Jun Early"]
[Site "chess.com INT"]
[Date "2025.06.17"]
[Round "10"]
[White "Nazin, Roman"]
[Black "Gong, Qianyun"]
[Result "0-1"]
[WhiteTitle "CM"]
[BlackTitle "WGM"]
[WhiteElo "2250"]
[BlackElo "2228"]
[WhiteFideId "4137167"]
[BlackFideId "8602425"]
[EventDate "2025.06.17"]

1. d4 d5 2. Nf3 Nf6 3. c4 c6 4. e3 Bf5 5. Nc3 e6 6. Bd3 Bxd3 7. Qxd3 Nbd7 8. O-O
Be7 9. e4 dxe4 10. Nxe4 Nxe4 11. Qxe4 O-O 12. Bf4 Qb6 13. Qc2 c5 14. Rad1 cxd4
15. Rxd4 Nc5 16. Rfd1 h6 17. Be3 Rac8 18. a3 a5 19. Rd7 Bf6 20. R1d6 Qxb2 21.
Qxb2 Bxb2 22. Bxc5 Rxc5 23. Rxb7 Rxc4 24. g3 Bxa3 25. Rdd7 Re4 26. Nd2 Re1+ 27.
Kg2 Re2 28. Kf3 Re1 29. Nc4 Bb4 30. Ra7 Ra1 31. Ne5 Ra2 32. Nd3 Bc3 33. Nf4 e5
34. Nd5 Bd4 35. Rab7 Rxf2+ 0-1

[Event "Titled Tue 17th Jun Early"]
[Site "chess.com INT"]
[Date "2025.06.17"]
[Round "10"]
[White "Tang, Andrew"]
[Black "Caruana, Fabiano"]
[Result "0-1"]
[WhiteTitle "GM"]
[BlackTitle "GM"]
[WhiteElo "2529"]
[BlackElo "2777"]
[WhiteFideId "2059630"]
[BlackFideId "2020009"]
[EventDate "2025.06.17"]

1. d4 d5 2. Nf3 Nf6 3. Bf4 e6 4. e3 Bd6 5. Nbd2 b6 6. c3 Bb7 7. Ne5 O-O 8. h4
Nbd7 9. h5 h6 10. g4 Bxe5 11. dxe5 Nh7 12. Nf3 f6 13. Rg1 Ng5 14. exf6 Qxf6 15.
Nxg5 hxg5 16. Bg3 Ne5 17. Be2 c5 18. Qc2 Nf3+ 19. Bxf3 Qxf3 20. h6 Rf6 21. hxg7
Qxg4 22. Kd2 d4 23. Rae1 Be4 24. Qd1 dxe3+ 25. Kxe3 Rf3+ 26. Kd2 Rd8+ 0-1

[Event "Titled Tue 17th Jun Early"]
[Site "chess.com INT"]
[Date "2025.06.17"]
[Round "10"]
[White "Bacrot, Etienne"]
[Black "Kovalenko, Igor"]
[Result "1-0"]
[WhiteTitle "GM"]
[BlackTitle "GM"]
[WhiteElo "2633"]
[BlackElo "2676"]
[WhiteFideId "605506"]
[BlackFideId "14117908"]
[EventDate "2025.06.17"]

1. e4 d5 2. exd5 Qxd5 3. Nc3 Qa5 4. d4 Nf6 5. h3 Bf5 6. Bd2 e6 7. g4 Bg6 8. Bg2
c6 9. f4 Bb4 10. Nge2 Nbd7 11. a3 Bxc3 12. Nxc3 Qb6 13. Qe2 O-O 14. O-O-O Nd5
15. h4 h5 16. Bxd5 cxd5 17. f5 exf5 18. gxh5 Bh7 19. Rhg1 Nf6 20. h6 Ng4 21.
Nxd5 Qe6 22. Qxe6 fxe6 23. Nc7 Rac8 24. Nxe6 Rf6 25. Nxg7 Kf7 26. d5 f4 27. Bc3
Ne3 28. Rd2 Rxh6 29. Ne6 Nxd5 30. Ng5+ Ke7 31. Rxd5 Rxh4 32. Re1+ Kf8 33. Nxh7+
Rxh7 34. Rf5+ Rf7 35. Rxf7+ Kxf7 36. Rf1 Rc4 37. Bd2 Ke6 38. Rxf4 Rc7 39. Rf3
Kd5 40. Re3 Rh7 41. b3 b5 42. Rd3+ Ke4 43. Bb4 1-0

[Event "Titled Tue 17th Jun Early"]
[Site "chess.com INT"]
[Date "2025.06.17"]
[Round "10"]
[White "Palomo, Franklin Annervys"]
[Black "Khafizova, Diana"]
[Result "1-0"]
[WhiteTitle "FM"]
[BlackTitle "WFM"]
[WhiteElo "2243"]
[BlackElo "2075"]
[WhiteFideId "3906965"]
[BlackFideId "34378049"]
[EventDate "2025.06.17"]

1. e4 b6 2. d4 Bb7 3. Nd2 g6 4. Ngf3 Bg7 5. Bd3 d6 6. O-O Nd7 7. Re1 e5 8. c3
Ngf6 9. h3 O-O 10. a4 Re8 11. a5 bxa5 12. Qa4 Nb6 13. Qxa5 exd4 14. cxd4 Nfd7
15. Nf1 c5 16. d5 c4 17. Bc2 Nc5 18. Ng3 h5 19. Be3 Bxb2 20. Rab1 Bf6 21. Bxc5
dxc5 22. Qxc5 h4 23. Nf1 Be7 24. Qa5 Qc7 25. Ne3 Bc5 26. Ng4 Be7 27. Qa1 c3 28.
Re3 Rac8 29. Rb3 Nc4 30. Rexc3 a5 31. Bd3 Ba6 32. Nfe5 a4 33. Rb1 a3 34. Bxc4
Qa5 35. Rbc1 Bxc4 36. Rxc4 Rxc4 37. Nxc4 Qb4 38. d6 Bd8 39. Qxa3 Qxa3 40. Nxa3
Rxe4 41. Rc8 Re8 42. Nf6+ 1-0

[Event "Titled Tue 17th Jun Early"]
[Site "chess.com INT"]
[Date "2025.06.17"]
[Round "10"]
[White "Bharath, Subramaniyam H"]
[Black "Tsydypov, Zhamsaran"]
[Result "0-1"]
[WhiteTitle "GM"]
[BlackTitle "GM"]
[WhiteElo "2558"]
[BlackElo "2514"]
[WhiteFideId "46634827"]
[BlackFideId "4108566"]
[EventDate "2025.06.17"]

1. c4 g6 2. Nc3 Bg7 3. g3 c5 4. Bg2 Nc6 5. d3 e6 6. Qd2 d6 7. b3 Nge7 8. Bb2 O-O
9. Nf3 a6 10. O-O Rb8 11. Rad1 b5 12. e3 e5 13. cxb5 axb5 14. d4 b4 15. Na4 cxd4
16. exd4 e4 17. Ng5 d5 18. f3 Bh6 19. fxe4 f6 20. exd5 Bxg5 21. Qc2 Na7 22. Qc5
Nb5 23. Rde1 Nf5 24. Qxb4 Ne3 25. Nc3 Nc2 26. Qc5 Be3+ 27. Rxe3 Nxe3 28. Nxb5
Qa5 29. Nc3 Qa6 30. Re1 Nxg2 31. Kxg2 Qd3 32. Qd6 Ba6 33. Ne4 Qc2+ 34. Kh3 Bc8+
35. g4 Qd3+ 36. Ng3 Qf3 37. Re4 h5 38. Kh4 Bxg4 39. Bc1 Qg2 40. Rxg4 Qxh2# 0-1

[Event "Titled Tue 17th Jun Early"]
[Site "chess.com INT"]
[Date "2025.06.17"]
[Round "10"]
[White "Chiang, Jacob"]
[Black "Chen, Yidong"]
[Result "1/2-1/2"]
[WhiteElo "2006"]
[BlackElo "2074"]
[WhiteFideId "30962331"]
[BlackFideId "8607028"]
[EventDate "2025.06.17"]

1. c4 c5 2. Nf3 Nf6 3. g3 g6 4. Bg2 Bg7 5. O-O Nc6 6. Nc3 d5 7. cxd5 Nxd5 8. Qc2
O-O 9. d3 Nc7 10. Bd2 Ne6 11. a3 Ned4 12. Nxd4 Nxd4 13. Qd1 Be6 14. e3 Nb3 15.
Rb1 Nxd2 16. Qxd2 Rb8 17. b4 cxb4 18. Rxb4 b6 19. d4 Qc7 20. Nb5 Qd7 21. d5 Rfd8
22. Rd1 f5 23. Qe2 a6 24. Nd4 Bxd5 25. Nxf5 Qxf5 26. e4 Qe6 27. Qxa6 Bb3 28.
Rxd8+ Rxd8 29. Rxb6 Qc4 30. Bf1 Qxa6 31. Bxa6 Bf7 32. Rb7 Kf8 33. Bb5 Bf6 34. a4
Rd2 35. a5 Bd4 36. a6 Rxf2 37. Kh1 Ra2 38. h4 Be6 39. Rb8+ Kf7 40. Rd8 Ba7 41.
Ra8 Bc5 42. Rd8 Kg7 43. Re8 Bh3 44. e5 Bg2+ 45. Kh2 Bc6+ 46. Kh3 Bxe8 47. Bxe8
Rxa6 48. Kg4 Ra4+ 49. Kf3 h5 50. Bd7 Rb4 51. e6 Bd4 52. Bc6 Kf6 53. Be4 Ba7 54.
Bd3 Bb8 55. Bc2 Rc4 56. Be4 Rc3+ 57. Kf2 Rxg3 58. Bc6 Kxe6 59. Be8 Kf6 60. Bd7
Ra3 61. Kg2 Bg3 62. Kh3 Bxh4+ 63. Kxh4 Ra4+ 64. Bxa4 Kf5 65. Bc2+ Kf6 66. Bd3 e5
67. Be4 g5+ 68. Kxh5 g4 69. Kxg4 Ke6 70. Kg5 Kd6 71. Kf5 Kc5 72. Kxe5 1/2-1/2

[Event "Titled Tue 17th Jun Early"]
[Site "chess.com INT"]
[Date "2025.06.17"]
[Round "10"]
[White "Emeliantsev, Anatoliy"]
[Black "Kozak, Magdalena"]
[Result "1-0"]
[WhiteTitle "FM"]
[BlackTitle "WIM"]
[WhiteElo "2359"]
[BlackElo "2176"]
[WhiteFideId "4160681"]
[BlackFideId "1124757"]
[EventDate "2025.06.17"]

1. d4 Nf6 2. c4 e6 3. Nc3 Bb4 4. a3 Bxc3+ 5. bxc3 O-O 6. f3 d5 7. cxd5 exd5 8.
e3 b6 9. Bd3 c5 10. Ne2 Nc6 11. O-O Qc7 12. Ng3 cxd4 13. cxd4 Na5 14. Bb2 Nc4
15. Bc1 Bd7 16. e4 dxe4 17. fxe4 Bg4 18. Qc2 Rac8 19. e5 Nd5 20. Bxh7+ Kh8 21.
Bf5 Nce3 22. Qxc7 Rxc7 23. Bxe3 Nxe3 24. Bxg4 Nxf1 25. Rxf1 Rd8 26. Nf5 Rc3 27.
Nd6 Kg8 28. Rf3 Rc1+ 29. Kf2 Rd1 30. Rxf7 Rd2+ 31. Ke3 Rxg2 32. Be6 Kh8 33. h3
Rg3+ 34. Ke4 Rxa3 35. Rf4 Ra4 36. Rh4# 1-0

[Event "Titled Tue 17th Jun Early"]
[Site "chess.com INT"]
[Date "2025.06.17"]
[Round "10"]
[White "Bacus, Dharim"]
[Black "Platzgummer, Fabian"]
[Result "0-1"]
[WhiteTitle "FM"]
[BlackTitle "IM"]
[WhiteElo "2131"]
[BlackElo "2293"]
[WhiteFideId "5201527"]
[BlackFideId "1617222"]
[EventDate "2025.06.17"]

1. e4 c6 2. d4 d5 3. Nd2 dxe4 4. Nxe4 Nf6 5. Nxf6+ exf6 6. c3 Bd6 7. Bd3 O-O 8.
Qc2 g6 9. h4 Re8+ 10. Ne2 Bg4 11. f3 Be6 12. h5 f5 13. g4 fxg4 14. hxg6 hxg6 15.
Bxg6 Qf6 16. Bh7+ Kf8 17. Bh6+ Ke7 18. f4 Kd7 19. O-O-O Bxa2 20. c4 Kc7 21. Bg5
Qg7 22. Bf5 Na6 23. Rh7 Qf8 24. Bg6 Nb4 25. Qd2 Bxc4 26. Nc3 Na2+ 27. Kb1 Nxc3+
28. Qxc3 Bd5 29. Qa5+ b6 30. Qa6 Qg8 31. Bf5 Be4+ 32. Bxe4 Rxe4 33. Rc1 Qxh7 34.
Ka1 Rxd4 35. Qb5 Qe4 0-1